Top 10 des pays avec le plus d'énergie nucléaire - Statistiques

Statistiques générales
  • Ce quiz a été pris 441 fois
  • Le résultat moyen est 7 sur 10
Statistiques - réponses
Gwh Pays % Correct
382 403 France
99%
809 359 Etats-Unis
98%
330 122 Chine
91%
195 353 Russie
89%
65 682 Japon
80%
71 866 Allemagne
74%
94 854 Canada
69%
138 809 Corée du Sud
46%
78 144 Ukraine
41%
64 429 Suède
18%
Aucun quiz correspondant
Distribution des résultats
% des personnes avec chaque résultat
Percentile par nombre de réponses
Votre historique - résultats
Vous n’avez pas pris ce quiz